Thực hành tổ chức các hoạt động giáo dục ngoài giờ lên lớp Tài liệu đào tạo
Gồm các nội dung: Một số vấn đề khi thực hiện một tiết sinh hoạt chủ nhiệm lớp, Một HĐGDNGLL: Đi thăm cựu chiến binh tham gia hoạt động cách mạng
Gardado en:
| Autor Corporativo: | |
|---|---|
| Formato: | Libro |
| Những chủ đề: | |
| Các nhãn: |
Engadir etiqueta
Sen Etiquetas, Sexa o primeiro en etiquetar este rexistro!
|
| Thư viện lưu trữ: | Trung tâm Học liệu Lê Vũ Hùng, Trường Đại học Đồng Tháp |
|---|
| LEADER | 01456pmm a22003258a 4500 | ||
|---|---|---|---|
| 001 | 00030188 | ||
| 005 | 20171026081023.0 | ||
| 008 | 121224s |||||| sd | ||
| 082 | 1 | 4 | |a 371.8 |b TH552H |
| 110 | 1 | # | |a Dự án phát triển giáo viên tiểu học |b Bộ Giáo dục và Đào tạo |
| 245 | 0 | 0 | |b Tài liệu đào tạo |a Thực hành tổ chức các hoạt động giáo dục ngoài giờ lên lớp |h nguồn liệu điện tử] |
| 300 | # | # | |a 1 đĩa CD |c 4 3/4 in. |
| 500 | # | # | |a Tài liệu được xuất bản trong khuôn khổ Dự án phát triển Giáo viên Tiểu học (không thu tiền) |
| 520 | # | # | |a Gồm các nội dung: Một số vấn đề khi thực hiện một tiết sinh hoạt chủ nhiệm lớp, Một HĐGDNGLL: Đi thăm cựu chiến binh tham gia hoạt động cách mạng |
| 653 | # | # | |a Chủ nhiệm lớp |
| 653 | # | # | |a Giáo dục tiểu học |
| 653 | # | # | |a Đĩa CD |
| 653 | # | # | |a Thực hành tổ chức |
| 653 | # | # | |a Thăm cựu chiến binh |
| 653 | # | # | |a Hoạt động ngoài giờ |
| 852 | # | # | |j DPT.0000238 |
| 852 | # | # | |b Kho đa phương tiện |j DPT.0000238 |
| 910 | |d 24/12/2012 | ||
| 980 | # | # | |a Trung tâm Học liệu Lê Vũ Hùng, Trường Đại học Đồng Tháp |